00826nam a2200217Ii 45000010005000000030009000050080041000140400033000550410008000880820021000961000039001172450054001562640090002103000012003003360026003123370028003383380027003669400050003939990017004439520148004602739CO-ViMGA241108s9999||||xx |||||||||||||| ||und|| aCO-ViMGAbspaerdacCO-ViMGA0 aspa04a338.186156 G216t1 aEmilio García Gutiérrez94644410aTendencias y expectativas del sector agropecuario 1aBogotá, Colombia : Gobernación del Meta, [Fecha de publicación no identificada] avolumen atextbtxt2rdacontent aunmediatedbn2rdamedia avolumebnc2rdacarrier aidficha_siabuc: 2679. -- ficha_no_siabuc:2739 c41010d41010 001040708FPatriMetaaMEVIGERRbMEVIGERRcLOCALd2006-11-27o338.186156 G216tpECA461r2024-11-26 08:55:47tEj.1w2024-11-26yBKz2679 | 3588